000 00215nam a2200097 a 4500
008 111125s2007|||| d
245 1 0 _aMista Zakarpatia
260 _aUžhorod
_c2007
020 _c100
044 _axo
_cSK
999 _c19884
_d19884